| 000 | 01352nam a2200361 a 4500 | ||
|---|---|---|---|
| 001 | ebr10080997 | ||
| 003 | CaPaEBR | ||
| 006 | m u | ||
| 007 | cr cn||||||||| | ||
| 008 | 020211s2002 enk sb 001 0 eng | ||
| 015 | _aGBA2-X7672 | ||
| 020 | _z0761966285 | ||
| 020 | _z0761966293 (pbk) | ||
| 040 |
_aCaPaEBR _cCaPaEBR |
||
| 035 | _a(OCoLC)70774218 | ||
| 050 | 1 | 4 |
_aH97 _b.H56 2002eb |
| 082 | 0 | 4 |
_a320/.6 _221 |
| 100 | 1 |
_aHill, Michael J. _q(Michael James), _d1937- |
|
| 245 | 1 | 0 |
_aImplementing public policy _h[electronic resource] : _bgovernance in theory and practice / _cMichael Hill and Peter Hupe. |
| 260 |
_aLondon ; _aThousand Oaks, Calif. : _bSage, _c2002. |
||
| 300 | _axii, 231 p. | ||
| 490 | 1 | _aSage politics texts | |
| 504 | _aIncludes bibliographic references and index. | ||
| 533 |
_aElectronic reproduction. _bPalo Alto, Calif. : _cebrary, _d2013. _nAvailable via World Wide Web. _nAccess may be limited to ebrary affiliated libraries. |
||
| 650 | 0 | _aPolicy sciences. | |
| 650 | 0 | _aPolitical planning. | |
| 650 | 0 | _aPublic administration. | |
| 655 | 7 |
_aElectronic books. _2local |
|
| 700 | 1 | _aHupe, Peter L. | |
| 710 | 2 | _aebrary, Inc. | |
| 830 | 0 | _aSage politics texts. | |
| 856 | 4 | 0 |
_uhttp://site.ebrary.com/lib/rucke/Doc?id=10080997 _zAn electronic book accessible through the World Wide Web; click to view |
| 999 |
_c55597 _d55597 |
||